000 00367 a2200157 4500
001 47363
020 _a9788508145416
040 _cAnchieta - Aquarius
100 _aNigro, Rogério Gonçalves
240 1 0 _aEsperança é o bicho
_lpor
245 1 0 _aEsperança é o bicho
300 _a29p.
362 0 _a2014
650 4 _aLiteratura infanto-juvenil
942 _cBK
999 _c47363
_d47363